| 000 | 00424nam a2200157 i 4500 | ||
|---|---|---|---|
| 001 | 28452 | ||
| 003 | ES-MaACL | ||
| 005 | 20230906153846.0 | ||
| 007 | t| | ||
| 008 | 030117s1968 sp ||||1| spa d | ||
| 100 | 1 |
_aBaena, Antonio Luis. _924581 |
|
| 245 | 1 | 4 |
_aLos límites / _cAntonio Luis Baena. |
| 260 |
_aMadrid : _b[s.n., _c1968] ( _fGráf. Diana) |
||
| 300 |
_a58 p. ; _c21 cm. |
||
| 852 |
_aES-MaACL _jC-35002 _bR.67810 |
||
| 999 |
_c28452 _d28452 |
||